00635nam a2200205 a 450000500170000000800410001701000130005802000250007103500130009603700150010904000180012408200060014210000180014824500980016626000280026427000720029230000320036465000170039670000160041320090907114310.0060731s1999 nyua b 000 0 eng d aB-357076 c60.00a9788126418886 aB-357076 bDBAD / PUB adplbEnglish  aS aJacob, Litta  aAndersen's Thumbelina and the field mouse /cretold by Litta Jacob; illustrated by K.R. Raji  aKeralabDC Books c2008 aDC Kizhakemuri Edam, Good Shepherd Street, KottayambKeralae686001 a29p.:c22cm(pbk) bcol. ill 2Fairy tales  aRaji, K.R.